Brassens - Le pornographe paroles - Statistiques

Statistiques générales
  • Ce quiz a été pris 414 fois
    395 depuis la dernière actualisation
  • Le résultat moyen est 107 sur 387
Statistiques - réponses
Réponse % Correct
à
69%
a
69%
la
62%
le
61%
Le
61%
Je
54%
je
54%
De
51%
de
51%
ma
48%
Ma
48%
m'a
48%
me
43%
se
43%
du
41%
des
39%
pornographe
39%
chanson
37%
Et
37%
et
37%
par
37%
au
36%
les
36%
Les
36%
ce
35%
mon
35%
Mon
35%
polisson
35%
un
35%
il
34%
ne
34%
phonographe
34%
Mais
33%
mais
33%
qu'à
33%
que
33%
Que
33%
sa
33%
pas
32%
quand
32%
si
32%
J'suis
31%
j'suis
31%
ça
30%
dis
30%
en
29%
l'pornographe
29%
d'en
28%
gros
28%
mot
28%
tout
27%
Tout
27%
est
26%
j'étais
26%
marmot
26%
"merde"
26%
mots
26%
plus
26%
Autrefois
25%
c'est
25%
comme
25%
bas
24%
j'avais
24%
phobie
24%
cul
23%
Dans
23%
dans
23%
disais
23%
sur
23%
femme
22%
gagne-pain
22%
pardis
22%
va
22%
aujourd'hui
21%
dit
21%
j'pensais
21%
qui
21%
sous
21%
turlupin
21%
vous
21%
d'parler
20%
n'pense
20%
parlé
20%
parle
20%
voir
20%
chanter
18%
pour
18%
une
18%
fait
17%
d'un
16%
fesses
16%
mal
16%
qu'elle
16%
naturel
15%
nue
15%
parler
15%
passant
15%
sans
15%
soit
15%
dire
14%
feu
14%
l'amour
14%
rue
14%
Blondel
13%
café-concert
13%
coucher
13%
crus
13%
homme
13%
incongrus
13%
moins
13%
montre
13%
premier
13%
putain
13%
s'il
13%
venu
13%
avec
12%
bordel
12%
bouches
12%
confess'
12%
cons
12%
doigt
12%
fleurs
12%
grecs
12%
qu'ell's
12%
balcon
11%
défendu
11%
destin
11%
d'une
11%
gauloiseries
11%
gens
11%
impies
11%
mélancolique
11%
mettre
11%
n'en
11%
pleines
11%
poussent
11%
suraigu
11%
toit
11%
Tous
11%
Turlututu
11%
ang'
10%
cabaret
10%
crache
10%
d'avoir
10%
d'fess's
10%
grand
10%
j'me
10%
j'vais
10%
l'Armée
10%
l'incite
10%
passer
10%
patron
10%
plaît
10%
psyché
10%
Salut
10%
seul
10%
sincèr's
10%
soir
10%
soyons
10%
tabou
10%
adorable
9%
blême
9%
bonnes
9%
bucolique
9%
concupiscent
9%
d'finir
9%
ferme
9%
ici
9%
m'accuser
9%
n'est
9%
permis
9%
rien
9%
tapis
9%
t'est
9%
Afin
8%
bientôt
8%
craignant
8%
d'amuser
8%
embouché
8%
guilleret
8%
incorrec'
8%
j'aime
8%
Jérusalem
8%
l'heure
8%
marabout
8%
M'est-il
8%
mort
8%
n'éclôt
8%
nez
8%
soleil
8%
t'faire
8%
trépas
8%
voix
8%
avant
7%
Chaque
7%
couchant
7%
d'ici
7%
embrocher
7%
j'entonne
7%
j'promets
7%
manitou
7%
mène
7%
pleurs
7%
r'met
7%
Rom'
7%
Satan
7%
venir
7%
âmes
6%
d'chanter
6%
d'entendre
6%
dîner
6%
m'crie
6%
mettant
6%
m'retrouvant
6%
noyée
6%
redoutez
6%
admettre
5%
bonheur
5%
contemple
5%
Croix
5%
decorum
5%
d'Honneur
5%
doute
5%
gal'rie
5%
J'aurais
5%
peut-être
5%
veuille
5%
comptent
4%
sam'dis
4%
d'mandez
3%
n'me
3%
Aucun quiz correspondant
Distribution des résultats
% des personnes avec chaque résultat
Percentile par nombre de réponses
Votre historique - résultats
Vous n’avez pas pris ce quiz depuis la dernière actualisation